| 000 | 00926nac a22002411u 4500 | ||
|---|---|---|---|
| 010 | _a 2005047692 | ||
| 020 | _a0131499084 | ||
| 035 | _a(OCoLC)ocm60321487 | ||
| 082 | 0 | 0 |
_a332.645 _bH8772 |
| 090 |
_c2143 _d2143 |
||
| 100 | _aHull, John, | ||
| 245 | 1 | 0 |
_aOptions, futures, and other derivatives / _cJohn C. Hull. |
| 250 | _a6th ed. | ||
| 260 |
_aUpper Saddle River, N.J. : _bPearson/Prentice Hall,2006 _c2006. |
||
| 300 |
_axxii, 789 p. : _bill. ; _c26 cm + _e1 CD-ROM (4 3/4 in.). |
||
| 504 | _aIncludes bibliographical references and index. | ||
| 650 | 0 | _aFutures. | |
| 650 | 0 | _aStock options. | |
| 650 | 0 | _aDerivative securities. | |
| 856 | 4 | 1 |
_3Table of contents only _uhttp://www.loc.gov/catdir/toc/fy0608/2005047692.html |
| 942 |
_cNB _k332.645H8772 |
||
| 999 |
_c2143 _d2143 |
||